000
00329 a2200133 4500
000
nam a22 7a 4500
005
20260108144454.0
100
_a
Dhillon, W.S.
_9
863151
245
_a
Nursery Production and Orchard Management
260
_b
Astral
_c
2025
440
_a
Volume 2
_9
863152
490
_a
Volume 2
942
_c
TEXL
999
_c
1467317
_d
1467317